[Event "Biel"]
[Site "44"]
[Date "2011.07.29"]
[Round "10"]
[White "Pelletier, Yannick"]
[Black "Morozevich, Alexander"]
[Result "0-1"]
[WhiteElo "2590"]
[BlackElo "2694"]
[Annotator "JvR"]
[PlyCount "102"]
[EventDate "2011.07.18"]
[SourceDate "2013.10.27"]

1. d4 d5 2. Nf3 e6 3. c4 a6 4. cxd5 exd5 5. Nc3 c6 6. Qc2 Bd6 7. Bg5 Ne7 8. e3
f6 9. Bh4 Bf5 10. Bd3 Bxd3 11. Qxd3 Nd7 12. Bg3 Nb6 $5 13. O-O-O $5 Bb4 14. Nd2
O-O 15. Kb1 a5 16. Rhe1 a4 17. a3 Ba5 18. f3 Qd7 19. e4 f5 20. Be5 f4 21. g3
Ng6 22. gxf4 Nxf4 23. Qc2 $2 ({Preferable is} 23. Bxf4 Rxf4 24. Rg1) 23... Ng6
$1 24. Bg3 dxe4 25. Rxe4 Bxc3 26. Qxc3 Nd5 27. Qc2 b5 28. Be5 Rae8 29. Rde1
Nxe5 30. Rxe5 h6 31. Rc1 Rxe5 32. dxe5 {Black has a positional advantage.} Ne7
33. Ne4 Qd5 34. Nc5 Rf4 35. Rd1 Rd4 36. Rxd4 Qxd4 37. Nd3 Qe3 38. f4 Qe4 39.
Ka1 Nd5 40. Qd2 Kh7 41. Qd1 Kg8 42. Qd2 Ne3 43. Qc3 Nf5 44. Nc5 Qxf4 {
Black has gained a pawn.} 45. Ne6 Qf1+ 46. Ka2 Ne7 47. Qd4 Nd5 $1 48. Nd8 Qh3
$1 49. e6 b4 $1 50. Qd1 Qxh2 51. Qc1 bxa3 {The final standings became: Carlsen
19/10, Morozevich 17, Vachier Lagrave and Shirov 12, Caruana 10, Pelletier 5.}
0-1

[Event "Biel"]
[Site "45"]
[Date "2012.07.23"]
[Round "1"]
[White "Morozevich, Alexander"]
[Black "Giri, Anish"]
[Result "0-1"]
[WhiteElo "2770"]
[BlackElo "2696"]
[Annotator "JvR"]
[PlyCount "100"]
[EventDate "2012.07.23"]
[SourceDate "2013.10.27"]

{The forty-fifth Schachfestival was played from 23 vii until 2 viii 2012. Six
grandmasters carried our double rounds.} 1. d4 Nf6 2. c4 g6 3. Nc3 d5 4. Nf3
Bg7 5. Qb3 dxc4 6. Qxc4 O-O 7. e4 Be6 8. Qb5 $5 Bd7 9. Qc5 b6 10. Qg5 {
The queen jumps like a knight.} c5 11. dxc5 Bc6 12. Qh4 bxc5 13. Be2 e6 14. Bg5
h6 $1 15. Bxh6 Nxe4 $1 16. Qf4 Nxc3 17. Bxg7 Kxg7 18. bxc3 Qf6 $1 19. Qe3 Nd7
20. O-O Rab8 21. Rfd1 Rfd8 22. h3 Bd5 23. a4 a5 24. Rab1 Bb3 25. Rd6 Bxa4 26.
Ra1 Qe7 27. Ra6 Bb5 28. Bxb5 Rxb5 29. Ra7 $5 Rdb8 30. Ne5 R8b7 31. Rxb7 Rxb7
32. Rxa5 Qd6 $2 33. f4 $2 (33. Qh6+ $1 Kg8 34. Qh8+ $1 Kxh8 35. Nxf7+ Kg7 36.
Nxd6 {gains a pawn.}) 33... Rb1+ 34. Kh2 Nxe5 35. fxe5 Qd1 $1 36. Qf2 Qh1+ 37.
Kg3 Rf1 38. Qxc5 Rd1 39. Qe3 $5 Qf1 40. Kh2 Re1 $1 41. Qd2 Qg1+ 42. Kg3 Re3+
43. Kf4 $5 g5+ $1 44. Kg4 $6 ({Correct is} 44. Kxg5 $1 Rxh3 $1 45. Kg4 Rh6 46.
Qe2) 44... Kh6 $1 45. Ra4 $2 Rxe5 46. h4 f6 $2 ({Krasenkow analyses} 46... f5+
$1 47. Kf3 Qf1+ 48. Kg3 f4+ 49. Kg4 Qb5 $3 50. Rb4 Re3 $3 51. Rxb5 Rg3#) 47.
Kf3 Qh2 48. hxg5+ fxg5 49. Re4 $2 (49. Rg4 Rf5+ 50. Ke2 Qe5+ 51. Qe3 Qb5+ 52.
c4 $1 Qb2+ 53. Kd3 $1 Re5 54. Re4 Qb1+ 55. Kd4 {
fights for a draw with only moves (Krasenkow).}) 49... Rf5+ 50. Ke3 Qg3+ {
Giri wins material.} 0-1

[Event "Biel"]
[Site "45"]
[Date "2012.07.23"]
[Round "1"]
[White "Wang Hao"]
[Black "Bacrot, Etienne"]
[Result "1-0"]
[WhiteElo "2739"]
[BlackElo "2713"]
[Annotator "JvR"]
[PlyCount "71"]
[EventDate "2012.07.23"]
[SourceDate "2013.10.27"]

{Wang Hao finds normal games boring and plays fighting chess.} 1. d4 Nf6 2. c4
g6 3. Nc3 Bg7 4. e4 d6 5. Nf3 O-O 6. Be2 e5 7. O-O Nc6 8. d5 Ne7 9. b4 Nh5 10.
g3 f5 11. Ng5 Nf6 12. Bf3 c6 13. Ba3 cxd5 14. exd5 e4 15. Be2 h6 $5 (15... Ne8
{happened in Kramnik - Giri, Hoogeveen 2011.}) 16. Ne6 Bxe6 17. dxe6 f4 18. Qd2
$6 ({The alternative is} 18. gxf4 $5 Nh5 19. Bxh5 Bxc3 20. Rc1) 18... f3 $1 19.
Bd1 Qc8 20. Re1 Qxc4 $2 (20... Qxe6 21. Bxf3 Qxc4 {gains an edge.}) 21. Bb3 $1
Qa6 22. Bb2 Rad8 23. Nxe4 Nxe4 24. Rxe4 Bxb2 25. Qxb2 d5 26. Re3 Rd6 27. Rae1
Qb6 28. Bd1 a5 29. b5 Nf5 30. e7 $1 Re8 31. Re5 Qc7 32. Bxf3 Rxe7 33. Rxe7 Nxe7
34. Qe5 $1 Kf8 35. Qh8+ Ng8 36. Re8+ $1 (36. Re8+ Kxe8 37. Qxg8+ Ke7 38. Qg7+
Kd8 39. Qf8+ Kd7 40. Bg4+ {wins for White (Martinovic).}) 1-0

[Event "Biel"]
[Site "45"]
[Date "2012.07.24"]
[Round "2"]
[White "Bacrot, Etienne"]
[Black "Morozevich, Alexander"]
[Result "1-0"]
[WhiteElo "2713"]
[BlackElo "2770"]
[Annotator "JvR"]
[PlyCount "49"]
[EventDate "2012.07.23"]
[SourceDate "2013.10.27"]

1. d4 d5 2. c4 e6 3. Nc3 c6 4. e4 dxe4 5. Nxe4 Bb4+ 6. Bd2 Qxd4 7. Bxb4 Qxe4+
8. Be2 Na6 9. Bd6 Qxg2 10. Qd2 {They play an exciting opening.} e5 11. Bxe5 $5
Bf5 ({The pointe is} 11... Qxh1 $2 12. O-O-O $1 {and White wins}) 12. Bf3 $1
Qg6 13. O-O-O Nc5 14. Qe3 {White has the initiative.} Bb1 $1 {
Black wants to mate too.} 15. Rd2 $5 ({The alternative is} 15. Bd6+ Ne6 16. Qb3
O-O-O) 15... Bxa2 16. Bd6+ $2 ({Better is} 16. Rd6 $1 Ne6 17. Ne2) 16... Ne6
17. Be4 Qh6 18. f4 Nf6 19. Nf3 Bxc4 20. Re1 O-O-O $2 (20... Nd5 $1 21. Qf2 $1
Rd8 {keeps a plus.}) 21. Bxc6 $1 Ba6 $2 ({Correct is} 21... bxc6 22. Qxa7 Rxd6
$1 23. Qa8+ Kc7 24. Qa7+ {and White delivers a perpetual.}) 22. Ng5 $1 Nxg5 $2
23. Bd7+ $1 {He forces mate.} Kxd7 ({Or} 23... Rxd7 24. Qc5+ Kd8 25. Be7+ Ke8
26. Qc8+) 24. Qe7+ Kc6 25. Qc7+ {
and mate in two. Morozevich has to withdraw due to illness the next day.} 1-0

[Event "Biel"]
[Site "45"]
[Date "2012.07.24"]
[Round "2"]
[White "Carlsen, Magnus"]
[Black "Wang Hao"]
[Result "1-0"]
[WhiteElo "2837"]
[BlackElo "2739"]
[Annotator "JvR"]
[PlyCount "69"]
[EventDate "2012.07.23"]
[SourceDate "2013.10.27"]

1. d4 Nf6 2. c4 e6 3. Nc3 Bb4 4. Qc2 O-O 5. Nf3 b6 6. e4 c5 7. e5 Ne8 8. d5 $5
({Theory is} 8. Bd3) 8... exd5 9. cxd5 d6 10. Bg5 $5 f6 11. exf6 Nxf6 12. O-O-O
$5 Bxc3 13. bxc3 Bg4 {Black has achieved equality.} 14. Re1 Bxf3 $5 ({
More solid is} 14... Nbd7 $1) 15. gxf3 Nbd7 16. Bd3 h6 17. Bf4 c4 $1 18. Bf5 (
18. Bxc4 $5 Ne8 19. Be3 Ne5 {and Black regains the pawn.}) 18... Nc5 ({
The pointe is} 18... Nxd5 $2 19. Bxh6 $1) 19. Rhg1 Kh8 20. Rg6 $1 Rf7 21. Reg1
Qf8 22. Be3 Nxd5 $5 23. Bd4 $5 Nf6 24. Qd2 Re8 $2 (24... Nd3+ $1 25. Bxd3 cxd3
26. Qxd3 {(Timman)} Qe7 {offers more resistance.}) 25. Rxg7 $1 Qxg7 26. Rxg7
Kxg7 27. Qf4 Nd3+ 28. Bxd3 cxd3 29. Kd2 Kg6 30. Kxd3 Re6 31. h4 Rfe7 $2 ({
Right is} 31... Rh7 $1) 32. h5+ $1 Kf7 33. Qf5 Re5 34. Qg6+ Ke6 35. f4 $1 {
Carlsen had defeated Wang Hao for the first time.} 1-0

[Event "Biel"]
[Site "45"]
[Date "2012.07.25"]
[Round "3"]
[White "Giri, Anish"]
[Black "Bacrot, Etienne"]
[Result "1-0"]
[WhiteElo "2696"]
[BlackElo "2713"]
[Annotator "JvR"]
[PlyCount "73"]
[EventDate "2012.07.23"]
[SourceDate "2013.10.27"]

1. d4 Nf6 2. c4 g6 3. Nc3 Bg7 4. e4 d6 5. Nf3 O-O 6. Be2 e5 7. O-O Nc6 8. d5
Ne7 9. b4 Nh5 10. g3 f5 11. Ng5 Nf6 12. f3 f4 13. b5 fxg3 14. hxg3 h6 15. Ne6
Bxe6 16. dxe6 Qc8 17. Nd5 Qxe6 18. Nxc7 Qh3 19. Rf2 Rac8 20. Rh2 {
This line was invented by Loek van Wely.} Qxg3+ 21. Rg2 Qh3 22. Qxd6 Rf7 23. c5
Nf5 24. exf5 Rfxc7 25. Be3 $5 {Giri has prepared a novelty.} (25. c6 {
was played by Van Wely.}) 25... Qxf5 $6 ({Preferable is} 25... Kh8 $1 26. Bxh6
$1 Qxf5 $1 27. Bd3 e4 28. fxe4 Qxc5+ {(Giri).}) 26. Rf1 $1 Bf8 $6 ({Better is} 
26... Kh7) 27. Bd3 $1 e4 28. fxe4 Qxf1+ 29. Bxf1 $6 Bxd6 30. cxd6 Rc3 $5 (30...
Rd7 $5 31. e5 g5 $3 32. exf6 Rxd6 {tries to survive.}) 31. Bd4 Rf3 32. e5 $1
Rf4 $5 33. Bb2 $1 Nh7 34. e6 Ng5 35. Rxg5 $1 hxg5 36. d7 Rg4+ 37. Bg2 {
The passed pawns are going to queen. Giri scored his second win.} 1-0

[Event "Biel"]
[Site "45"]
[Date "2012.07.25"]
[Round "3"]
[White "Wang Hao"]
[Black "Nakamura, Hikaru"]
[Result "1-0"]
[WhiteElo "2739"]
[BlackElo "2778"]
[Annotator "JvR"]
[PlyCount "93"]
[EventDate "2012.07.23"]
[SourceDate "2013.10.27"]

1. e4 c5 2. Nf3 d6 3. d4 cxd4 4. Nxd4 Nf6 5. Nc3 a6 6. Bg5 e6 7. f4 b5 8. e5
dxe5 9. fxe5 Qc7 10. exf6 Qe5+ 11. Be2 Qxg5 12. O-O Ra7 13. Qd3 Rd7 14. Ne4 Qe5
15. Nf3 Qc7 {This line was played by Polugaevsky as Black in the 1960's.} 16.
Qe3 Bb7 17. Nfg5 h6 18. Qh3 $5 ({Known is} 18. Nxe6 $2 {
The sacrifice comes too early.}) 18... g6 19. Bd3 Nc6 20. Kh1 $6 Ne5 21. Rae1
Bb4 22. Re3 Bd5 $1 23. Be2 Nc4 24. Rd3 Qe5 {
Black has achieved a positional advantage.} 25. a3 Ba5 26. Bg4 Nd6 $4 ({
Right is} 26... Nxb2 27. Re3 Kd8 {and Black wins (Nakamura).}) 27. Rxd5 $1 {
The black position is taken by firce.} Qxd5 28. Bxe6 $1 fxe6 29. f7+ Kd8 ({Or} 
29... Ke7 30. Qxh6 $1) 30. Nxe6+ {The knight appears on e6 victoriously.} Kc8
31. f8=Q+ Rxf8 32. Rxf8+ Bd8 33. Nxd6+ Kb8 $1 34. Rf1 $1 Rxd6 35. Nxd8 Qc4 $5
36. Rg1 Rxd8 37. Qg3+ Kb7 38. Qxg6 {White has conquered two pawns.} Rd2 39.
Qxh6 Rxc2 40. Qg7+ Kb6 41. b4 Qd3 42. Re1 Qe3 43. Qf6+ Kc7 44. Qf1 Rf2 45. Qg1
Qf4 46. h3 Qg3 47. Qh2 {Wang Hao and Nakamura showed great tactical skills.}
1-0

[Event "Biel"]
[Site "45"]
[Date "2012.07.29"]
[Round "3"]
[White "Bologan, Viktor"]
[Black "Carlsen, Magnus"]
[Result "0-1"]
[WhiteElo "2732"]
[BlackElo "2837"]
[Annotator "JvR"]
[PlyCount "80"]
[EventDate "2012.07.23"]
[SourceDate "2013.10.27"]

{Bologan arrived as a replacement for Morozevich, before round four started.
The postponed third round game was played on the rest day.} 1. e4 c5 2. Nf3 Nc6
3. Bb5 d6 4. O-O Bd7 5. Re1 Nf6 6. h3 e6 7. c3 d5 8. d3 a6 $5 9. Ba4 b5 10. Bc2
dxe4 11. dxe4 e5 $1 12. a4 Be7 13. axb5 axb5 14. Rxa8 Qxa8 15. Bg5 Be6 16. Na3
b4 17. Nb1 $6 {He plays too timidly.} ({Preferable is} 17. cxb4 $1 cxb4 18. Nb5
$1 {(Kritz).}) 17... O-O 18. Ba4 h6 19. Bh4 Rd8 20. Nbd2 g5 $5 21. Bg3 Nd7 22.
Bb3 Nf8 23. Qc2 (23. Bxe6 $5 Nxe6 24. Bxe5 Nxe5 25. Nxe5 Bf6 26. Ng4 Bg7 {
brings little advantage.}) 23... f6 24. Nc4 $2 (24. Bxe6+ Nxe6 25. Qb3 $1 Kf7
26. Nc4 {keeps a plus.}) 24... Qa6 25. Qe2 $5 Rb8 $1 26. Ne3 Qxe2 27. Bxe6+
Nxe6 28. Rxe2 Ra8 $1 29. h4 Ra2 $1 30. Kf1 Kf7 {Black has the initiative.} 31.
Bh2 Na5 32. hxg5 hxg5 33. Rd2 b3 $5 (33... g4 $1 34. Nxg4 Nc4 {
conquers the queenside.}) 34. Bxe5 $5 g4 $1 (34... fxe5 35. Nxe5+ {
gives counter-play.}) 35. Nxg4 Nc4 36. Re2 Nxb2 37. Nd2 c4 38. Bg3 Nd3 39. f4
Nexf4 40. Bxf4 Ra1+ {
Carlsen and Giri joined the lead after three rounds in hindsight.} 0-1

[Event "Biel"]
[Site "45"]
[Date "2012.07.26"]
[Round "4"]
[White "Bologan, Viktor"]
[Black "Nakamura, Hikaru"]
[Result "0-1"]
[WhiteElo "2732"]
[BlackElo "2778"]
[Annotator "JvR"]
[PlyCount "162"]
[EventDate "2012.07.23"]
[SourceDate "2013.10.27"]

1. d4 d5 2. c4 dxc4 3. e4 Nf6 4. e5 Nd5 5. Bxc4 Nb6 6. Bb3 Nc6 7. Be3 Bf5 8.
Ne2 e6 9. Nbc3 Qd7 10. a3 O-O-O 11. Rc1 Kb8 12. O-O Qe8 $5 13. Ba4 Nxa4 14.
Qxa4 Bd3 15. d5 $5 exd5 16. Rfd1 Bxe2 17. Nxe2 Be7 18. Rxc6 $5 {
Bologan delivers an interesting sacrifice. It brings him no advantage.} Qxc6
19. Qxa7+ Kc8 20. Nd4 Qa6 21. Qxa6 bxa6 22. Nc6 Rd7 23. b4 Kb7 24. Rc1 d4 $5
25. Bxd4 f6 26. f4 fxe5 27. fxe5 Bg5 28. Rc4 Re8 29. Kf2 Rf7+ 30. Ke2 Re6 31.
Na5+ Kc8 32. g3 Rh6 33. h4 Bd8 34. Be3 Re6 35. Bf4 Bf6 36. Re4 Rfe7 37. Nc4 g6
38. Re3 Bg7 39. Kf3 Rc6 40. Na5 Rce6 41. Nc4 h6 42. g4 Rd7 43. Ke4 Bf8 44. Rf3
Rf7 45. Rc3 Rd7 46. Be3 Kd8 47. Rb3 Ke8 48. h5 $5 gxh5 49. gxh5 Rc6 50. Nb2 $5
Rc2 $1 51. Bf4 Rf7 52. a4 Re2+ 53. Be3 Rf1 54. Nd3 Be7 55. Nf4 Ra2 56. Nd5 Bd8
57. a5 c6 58. Nf4 Rh2 59. Ne6 Rh4+ 60. Kd3 Rd1+ 61. Kc2 Re1 62. Rd3 Bg5 63.
Nc7+ Ke7 64. Bc5+ $1 {White has survived the black initiative and takes over.}
Kf7 65. Nxa6 Rh2+ 66. Kb3 Rb1+ 67. Kc4 Rh4+ 68. Kc3 Ra1 $6 ({Better is} 68...
Bf4 69. Bd6 Rc1+) 69. Kb2 $1 Rhh1 70. Nb8 Rhb1+ 71. Kc3 Rc1+ 72. Kd4 Ke6 73.
Nxc6 Rc2 74. Ke4 $6 (74. Rc3 $1 Rxc3 75. Kxc3 Kd5 76. Ne7+ Kxe5 77. Kc4 {
plays for a win.}) 74... Re1+ 75. Kf3 Rf1+ 76. Kg4 Rg2+ 77. Kh3 Ra2 78. a6 $2 (
78. Nd4+ Kxe5 79. Nc6+ {draws.}) 78... Kf5 79. Nd4+ $2 (79. Ne7+ $5 Bxe7 80.
Bxe7 Kf4 81. Rd4+ Kxe5 82. Rc4 Rxa6 83. Rc8 {offers more resisrance.}) 79...
Ke4 $1 80. Rf3 Rh1+ 81. Kg3 Bh4+ {White will be mated.} 0-1

[Event "Biel"]
[Site "45"]
[Date "2012.07.26"]
[Round "4"]
[White "Giri, Anish"]
[Black "Wang Hao"]
[Result "0-1"]
[WhiteElo "2696"]
[BlackElo "2739"]
[Annotator "JvR"]
[PlyCount "114"]
[EventDate "2012.07.23"]
[SourceDate "2013.10.27"]

1. d4 Nf6 2. c4 g6 3. Nc3 Bg7 4. e4 d6 5. f3 O-O 6. Be3 Nc6 7. Nge2 a6 8. Qd2
Rb8 9. Rc1 Bd7 10. Nd1 Re8 11. Nf2 b5 12. c5 dxc5 13. Rxc5 e5 14. d5 Ne7 15. g3
$6 {White loses rime.} ({The best move is} 15. Qc1) 15... c6 $1 16. dxc6 Nxc6
17. Rc1 Rc8 18. Bg2 Be6 19. b3 Qxd2+ 20. Bxd2 Red8 21. Bg5 Nb4 $1 {
Black has the initiative.} 22. Nc3 Rd7 23. Ke2 $2 {Casting would be save.} Rdc7
24. Bd2 Bf8 25. Bh3 Nc6 $1 {Black dominates the position.} 26. Nd5 $5 (26. Bxe6
Nd4+ 27. Kd3 fxe6 {also favours Black.}) 26... Nxd5 27. exd5 Nd4+ 28. Ke3 Rxc1
29. Rxc1 Rxc1 30. Bxc1 Bxd5 {Wang Hao has gained a pawn.} 31. Ne4 Bg7 $5 32. g4
f5 33. gxf5 gxf5 34. Nd2 Kf7 35. Bb2 Kg6 36. Bg2 Ne6 37. Kf2 Kf6 38. a4 Bf8 39.
axb5 axb5 40. Bf1 Bb4 41. Nb1 Bc5+ 42. Kg3 Bd4 43. Bxd4 Nxd4 44. Nc3 Bxf3 $1
45. Nxb5 f4+ 46. Kf2 Nxb5 47. Kxf3 Nd4+ 48. Kg4 Nxb3 49. Bd3 h6 50. Bb5 Nd2 51.
Bc6 Ke6 52. Bb7 Kd6 53. h4 Kc5 54. Kh5 f3 $1 55. Kxh6 e4 56. h5 f2 57. Ba6 Nc4
{Wang Hao took the lead.} 0-1

[Event "Biel"]
[Site "45"]
[Date "2012.07.27"]
[Round "5"]
[White "Nakamura, Hikaru"]
[Black "Bacrot, Etienne"]
[Result "1-0"]
[WhiteElo "2778"]
[BlackElo "2713"]
[Annotator "JvR"]
[PlyCount "67"]
[EventDate "2012.07.23"]
[SourceDate "2013.10.27"]

1. d4 Nf6 2. c4 g6 3. Nc3 Bg7 4. e4 d6 5. Nf3 O-O 6. Be2 e5 7. d5 a5 8. Bg5 h6
9. Bh4 Na6 10. Nd2 Qe8 11. O-O h5 12. a3 Bd7 13. b3 Nh7 14. f3 f5 15. Rb1 g5
16. Bf2 f4 17. b4 axb4 18. axb4 Qg6 19. c5 g4 20. c6 $1 {
White gains a great advantage in the opening.} ({Known is} 20. Kh1) 20... bxc6
21. dxc6 Be6 22. b5 $1 {He attacks on the queenside.} Nb8 $5 (22... Nc5 23. b6
$1 cxb6 24. Rxb6 {also favours White (Krasenkow).}) 23. Nd5 $1 Bxd5 24. exd5 g3
25. Be1 Ng5 26. Rb4 h4 27. Ne4 h3 {Black makes a last try.} 28. hxg3 fxg3 29.
Qd2 $6 (29. Nxg5 Qxg5 30. gxh3 {is alright.}) 29... Rf4 $6 (29... hxg2 $5 30.
Kxg2 Nh3 31. Bxg3 Bh6 {offers more resistance.}) 30. Nxg5 $5 Qxg5 $5 31. gxh3
Qf5 32. Bxg3 Qxh3 33. Bxf4 exf4 34. Qxf4 {Nakamura wins easily.} 1-0

[Event "Biel"]
[Site "45"]
[Date "2012.07.27"]
[Round "5"]
[White "Wang Hao"]
[Black "Bologan, Viktor"]
[Result "1-0"]
[WhiteElo "2739"]
[BlackElo "2732"]
[Annotator "JvR"]
[PlyCount "93"]
[EventDate "2012.07.23"]
[SourceDate "2013.10.27"]

1. d4 Nf6 2. c4 c5 3. d5 b5 4. cxb5 a6 5. bxa6 g6 6. Nc3 Bxa6 7. g3 d6 8. Nf3
Bg7 9. Bg2 O-O 10. Rb1 Bc8 11. Nd2 Bf5 12. e4 Bc8 $5 {The bishop returns again.
} ({The alternative is} 12... Bg4) 13. O-O Ba6 14. Re1 Nfd7 15. Nf3 Bc4 16. Bf4
$1 Nb6 17. e5 $1 Bxa2 18. Ra1 Bxd5 $1 19. Nxd5 Rxa1 20. Nxe7+ $1 Qxe7 21. Qxa1
{White has a positional plus.} d5 22. e6 $1 fxe6 23. Bh3 e5 24. Nxe5 Qf6 25.
Qa7 Kh8 26. Re2 Nc6 27. Nxc6 Qxc6 28. Re6 $6 ({Better is} 28. b4 $3 cxb4 29.
Re6 Qa4 30. Qxb6 Qd1+ 31. Kg2 $1 g5 32. Bd6 Qf3+ 33. Kg1 {
because pawn f2 is protected due to the pawn sacrifice} Qd1+ 34. Bf1 {
and White wins.}) 28... Qa4 29. Qxb6 Qd1+ 30. Bf1 Rxf4 $1 31. Qxc5 (31. gxf4 $2
Qg4+ {leads to perpetual chrck.}) 31... Bd4 32. Qc8+ Kg7 33. Re7+ Rf7 34. Rxf7+
Kxf7 35. Qb7+ Ke6 $2 ({Better is} 35... Kf8 36. Qb4+ Kg8) 36. Qxh7 Qb1 37. b4
Kd6 38. Qh6 Qf5 39. Qd2 Qe5 40. b5 g5 41. Qc2 Qe4 42. Qd2 Qg4 43. Bg2 Kc5 44.
Qc2+ $1 Kxb5 45. Qb3+ Ka6 46. Qd3+ Kb6 47. h3 {
Wang Hao led at the end of the first cycle.} 1-0

[Event "Biel"]
[Site "45"]
[Date "2012.07.28"]
[Round "6"]
[White "Giri, Anish"]
[Black "Bologan, Viktor"]
[Result "1-0"]
[WhiteElo "2696"]
[BlackElo "2732"]
[Annotator "JvR"]
[PlyCount "183"]
[EventDate "2012.07.23"]
[SourceDate "2013.10.27"]

1. d4 Nf6 2. Nf3 g6 3. c4 c5 4. g3 cxd4 5. Nxd4 d5 6. Bg2 e5 7. Nf3 Bb4+ $5 ({
Best is} 7... d4 {(Tukmakov - Beliavsky, Vilnius 1978).}) 8. Nbd2 $5 {
White responds passively.} e4 9. Nd4 O-O 10. Nc2 Be7 11. O-O Be6 12. b3 Nc6 13.
Bb2 dxc4 14. bxc4 Qb6 $6 (14... Qa5 {loses no time.}) 15. Rb1 $1 Qa6 16. Bxf6
Bxf6 17. Nxe4 Bg7 {Black has compensation for the pawn.} 18. Nc5 Qxc4 19. Nxb7
Qc3 20. Rc1 Ne7 21. Ne3 Qe5 22. Nc4 Qf6 23. Qa4 Rab8 $6 ({More active is} 23...
Nd5 $1 24. Nc5 Rad8 25. Nxe6 Qxe6) 24. Nc5 $1 Nc8 25. Qa6 Re8 26. e3 Qe7 $5 27.
Nxe6 Qxe6 28. Qxe6 Rxe6 29. Rb1 Rxb1 30. Rxb1 Nb6 31. Nd2 {
He avoids further exchanges.} Rd6 32. Ne4 Rc6 33. Rd1 Bf8 34. h4 Kg7 35. Bf3
Rc2 36. Rd2 Rc1+ $5 {Exchange would be more natural.} 37. Rd1 $5 Rc2 38. Rd2
Rc1+ $5 39. Kg2 $1 Bb4 40. Rb2 a5 41. Nd2 Rc3 $5 42. Nb3 Nc4 43. Re2 a4 44. Nd4
Bc5 45. Nc6 a3 46. Be4 f5 47. Bd5 Nb2 48. Ne5 Bb4 49. Nf3 Rc5 50. e4 $1 fxe4 $6
{Exchange of pawns helps the white development.} 51. Rxe4 Rb5 52. Bb3 Rb7 53.
Nd4 Nd3 54. Bc4 Nc5 55. Re3 Nd7 56. Ne6+ Kh8 57. Rd3 Be7 58. Re3 Nf6 59. Bb3
Bb4 60. Re2 Rb8 61. Rc2 Bd6 62. Rc6 Be5 63. Ra6 Bb2 64. Ra7 Ne4 65. Rc7 Be5 66.
Re7 Bf6 67. Ra7 Bb2 68. f3 Nc3 69. Kh3 h6 70. Bc4 Rc8 71. Bb3 Rb8 72. Nc5 Nb5
73. Rd7 Nd4 74. Bd5 Nf5 $6 ({More solid is} 74... h5 $1) 75. Nd3 $5 Ne3 76. Be4
Rb6 77. Nf4 g5 78. Nh5 Kg8 79. Rd3 $1 Bc1 80. Rc3 Bd2 81. Rxa3 {
Giri has gained a second pawn.} Rb2 82. Bg6 Rb8 83. Rd3 Bc1 84. Rc3 Bd2 85. Rc7
Rf8 86. Be4 gxh4 87. Kxh4 Nf5+ 88. Kg4 Nd6 89. Bd5+ Kh8 90. f4 Nf5 91. Be4 Ba5
92. Rc6 {The standings after the rest day became: Wang Hao 13/6, Carlsen 12,
Giri 11, Nakamura 9, Bacrot 5, Morozevich/Bologan 0.} 1-0

[Event "Biel"]
[Site "45"]
[Date "2012.07.30"]
[Round "7"]
[White "Wang Hao"]
[Black "Carlsen, Magnus"]
[Result "0-1"]
[WhiteElo "2739"]
[BlackElo "2837"]
[Annotator "JvR"]
[PlyCount "120"]
[EventDate "2012.07.23"]
[SourceDate "2013.10.27"]

1. d4 Nf6 2. c4 e6 3. Nf3 b6 4. g3 Ba6 5. b3 Bb7 6. Bg2 Bb4+ 7. Bd2 c5 8. O-O
O-O 9. Bc3 Na6 10. a3 Bxc3 11. Nxc3 cxd4 12. Nxd4 Bxg2 13. Kxg2 Nc5 $5 14. Rc1
Qc7 15. b4 Nb7 16. Ncb5 Qb8 17. Qd3 Rc8 18. Rfd1 h6 19. f3 a6 20. Nc3 Nd6 21.
Nb1 Nde8 22. Nd2 Qb7 23. c5 bxc5 $5 24. bxc5 Qa7 25. N2b3 $5 Nd5 26. c6 dxc6 $5
27. e4 $2 (27. Na5 c5 28. Ndc6 c4 29. Rxc4 Ne3+ 30. Kg1 Rd8 31. Rd4 {
regains the pawn.}) 27... Ne7 28. Nc5 Nf6 29. Ndb3 Ng6 30. Qc3 Nf8 31. Na5 Rab8
32. a4 Kh8 33. Rb1 $5 Rb6 34. Rxb6 Qxb6 35. Nab7 Rb8 36. Nd6 Kg8 37. Rd2 a5 38.
Nd3 N8d7 39. Nc4 Qa6 40. Rc2 c5 41. Rb2 Rb7 42. Rxb7 Qxb7 43. Qb2 Qa6 44. Qb5
Qxb5 45. axb5 a4 {Black has an extra pawn in the ending with two knights.} 46.
Ndb2 $2 {He misses a tactical point.} ({Correct is} 46. b6 a3 47. Nc1 Kf8 48.
b7 Ke7 49. e5 Nd5 50. Nxa3 {and White has a plus (Carlsen).}) 46... Nb6 $1 47.
Kf2 (47. Nxb6 $2 a3 {wins for Black.}) 47... Nfd7 48. Ke3 Kf8 49. f4 f5 50.
exf5 exf5 51. Kd3 Ke7 52. Na3 Nf6 53. Nbc4 Nxc4 54. Nxc4 Ne4 55. Ne5 $5 Kd8 56.
g4 fxg4 $5 57. Nxg4 $5 ({The last chance brings} 57. Kxe4 a3 $1 58. b6 $1 a2
59. b7 Kc7 60. Nd7 Kxb7 61. Nxc5+ Kc6 62. Nb3 {but} h5 $1 {wins for Black.})
57... Nd6 58. b6 Kc8 59. Ne3 Kb7 60. Nd5 Kc6 {
Carlsen joined the lead with Wang Hao.} 0-1

[Event "Biel"]
[Site "45"]
[Date "2012.07.31"]
[Round "8"]
[White "Bacrot, Etienne"]
[Black "Giri, Anish"]
[Result "0-1"]
[WhiteElo "2713"]
[BlackElo "2696"]
[Annotator "JvR"]
[PlyCount "70"]
[EventDate "2012.07.23"]
[SourceDate "2013.10.27"]

1. e4 c5 2. Nf3 d6 3. d4 Nf6 4. Nc3 cxd4 5. Nxd4 a6 6. h3 e6 7. g4 Be7 8. g5
Nfd7 9. h4 b5 10. Bg2 Bb7 11. O-O $5 ({Theory is} 11. Be3) 11... Nc6 12. Nxc6
Bxc6 13. Be3 h6 14. f4 hxg5 15. hxg5 b4 $1 16. Ne2 e5 $1 {
Black counters everywhere.} 17. a3 $1 a5 18. Qd2 Nc5 $6 ({Preferable is} 18...
exf4 $5 19. Bxf4 Ne5) 19. fxe5 bxa3 $2 ({Better is} 19... dxe5 $1 20. Qxd8+
Rxd8 21. axb4 axb4) 20. Rxa3 Nxe4 21. Nd4 $4 {The tables turn.} (21. Qd3 $1 d5
22. Nd4 $1 Bxa3 23. Nxc6 Qd7 24. bxa3 Qxc6 25. c4 $1 {strongly favours White.})
21... dxe5 $1 22. Nxc6 Nxd2 23. Nxd8 Nxf1 24. Kxf1 Rxd8 25. Rxa5 f6 26. gxf6 $5
gxf6 27. c4 Rh2 28. Kg1 Rh4 29. Bd5 Rb8 30. c5 $5 Rh3 31. Bf2 Rd3 32. c6 $5 Bd8
33. Rc5 Rxb2 34. Be4 Rd1+ 35. Kg2 Rdd2 {Giri occupied the third place.} 0-1